En Cuba /
Bewaard in:
| Hoofdauteur: | |
|---|---|
| Formaat: | Boek |
| Taal: | Spanish |
| Gepubliceerd in: |
Barcelona, España :
Editorial Pomaire
1977
|
| Onderwerpen: | |
| Tags: |
Voeg label toe
Geen labels, Wees de eerste die dit record labelt!
|
MARC
| LEADER | 00000cam a2200000 4500 | ||
|---|---|---|---|
| 001 | 4095978 | ||
| 005 | 20140903062632.0 | ||
| 008 | 740426s1977 ag 000 0 spa d | ||
| 040 | |a DLC |c DLC |d DLC |d CIICLA | ||
| 041 | 1 | |a engspa | |
| 082 | 0 | 0 | |a 917.291 |b C266i 1977 |
| 100 | 1 | |a Cardenal, Ernesto. | |
| 245 | 1 | 0 | |a En Cuba / |c Ernesto Cardenal |
| 260 | |a Barcelona, España : |b Editorial Pomaire |c 1977 | ||
| 300 | |a xi, 382 páginas | ||
| 651 | 0 | |a CUBA |x VIAJES Y DESCRIPCIONES | |
| 651 | 0 | |a CUBA |x POLITICA Y GOBIERNO |y 1959-1990. | |
| 942 | |2 ddc |c BK | ||
| 999 | |c 3443 |d 3443 | ||
